BIBLIOTHÈQUE DE LA MAISON DU MEXIQUE

Logo 1 Logo 2

Inápuchi (notice nᵒ 11427)

détails MARC
000 -Sello discográfico
campo de control de longitud fija 00820nam a2200289 4500
005 - Identificación de versión
campo de control 20251016082610.0
035 ## - Otros números de control del sistema
Número de control del sistema 10410
099 ## - fechas locales
Tipo de ítem Koha LIBRO
100 ## - Datos de procesamiento general
Datos de procesamiento general 20040602d1970 m y1spay5003 ba
105 ## - Campo de datos codificados: Material textual, monográfico
Datos codificados de monografía a 001zy
200 1# - Título y mención de responsabilidad
Título propio Inápuchi
Designación general del material texto impreso
Otra información del título una comunidad tarahumara gentil
Primer mención de responsabilidad John G. Kennedy
205 ## - Declaración de edición
Declaración de edición 1a ed
210 ## - Publicación, distribución, etc.
Lugar de publicación, distribución, etc. México
Nombre del editor, distribuidor, etc. Instituto Indigenista Interamericano
Fecha de publicación, distribución, etc. 1970
215 ## - Descripción física
Designación de material específico y extensión del ítem 257 p
Otras características físicas il.
Dimensiones 22 cm
345 ## - Nota de información de adquisición
Fuente de adquisición/dirección de la suscripción [OBSOLETO] Donación
410 #1 - Series
Título Ediciones especiales
Número de volumen 58
606 ## - Término temático usado como materia
Elemento de entrada Tarahumaras (Indios)
Número Koha 2876
660 ## - Código de área geográfica
Código MX
700 ## - Nombre personal - Responsabilidad primaria
Elemento de entrada Kennedy
Parte del nombre distinta del elemento de entrada John G.
Fechas 1927-2011
Número Koha 18085
801 #0 - Fuente de origen
Agencia cm
900 ## -
-- 1/7521
900 ## -
-- 7100419286\020604
942 ## - ELEMENTOS DE ENTRADA SECUNDARIOS (KOHA)
Tipo de ítem Koha Livre
996 ## -
-- MEX
-- 751145101
-- MMAG
-- 008208
-- 970.2 K35I
-- 20230710LIV
Exemplaires
Estatus retirado Estado de daño Estado de pérdida Fecha de adquisición Biblioteca de origen Biblioteca actual Ubicación en estantería Código de barras Precio de reemplazo Signatura topográfica completa No para préstamo Tipo de ítem Koha Nota pública Nota no pública
      05/08/2025 Casa México Paris Casa México Paris   008208 05/08/2025 970.2 K35I   Livre 20230710LIV 751145101